000 00507nam a22002177a 4500
003 UA-OsUOA
001 51816
007 ta
008 20080122b un ||||| |||| 00| 0 ukr d
100 _aШангіна Л.
090 _a32
_bШ-20
942 _cSA
040 _aUA-OsUOA
_bukr
_cUA-OsUOA
_dUA-OsUOA
245 _aНотатки про Український прорив.
300 _aС.3
955 _a0
041 _aukr
080 _a32
773 0 _w51812
650 7 _a32 Політика
_2UDC
999 _c337936
_d337936